Petit Bac - Couleurs - Statistiques

Statistiques générales
  • Ce quiz a été pris 4 576 fois
  • Le résultat moyen est 14 sur 21
Statistiques - réponses
Lettres Couleur % Correct
B Beige | Bisque | Blanc | Bleu | Blond | Bordeaux | Bourgogne | Brique | Bronze | Brun
100%
R Réglisse | Rose | Rouge | Rouille | Roux | Rubis
97%
V Vanille | Vénitien | Ventre de biche | Vermeille | Vermillon | Vert | Violet | Violine
96%
J Jade | Jaune
95%
O Ocre | Olive | Or | Orange | Orpiment
94%
M Magenta | Malachite | Mandarine | Marron | Mauve | Melon | Menthe | Miel | Mordoré | Moutarde
92%
N Nankin | Noir | Noisette
90%
A Abricot | Acajou| Aigue-marine | Albâtre | Alezan | Amande | Amarante | Ambre | Améthyste | Anthracite | Ardoise |Argent | Argile | Aubergine | Auburn | Aurore | Azur
87%
C Cacao | Cachou | Café | Canard | Cannelle | Capucine | Caramel | Carmin | Carotte | Cassis | Céladon | Cerise | Chair | Chamois | Champagne | Chartreuse | Châtaigne | Châtain | Chocolat | Chrome | Citron | Citrouille | Cobalt | Corail | Cramoisi | Cuisse de nymphe | Cuivre | Cyan | Coeruleum
81%
G Grenadine | Grenat | Gris | Groseille | Gueules
79%
K Kaki
69%
P Parme | Pêche | Pistache | Plomb | Pomme | Ponceau | Pourpre | Praline | Prasin | Prune
69%
T Tangerine | Tanné | Taupe | Terracotta | Terre d'ombre | Terre de Sienne | Tomate | Topaze | Tourdille | Tourterelle | Turquoise
65%
S Sable | Safran | Sanguine | Saphir | Sarcelle | Saumon | Sépia | Soufre
49%
L Lapis-lazuli | Lavallière | Lavande | Lie de vin | Lilas | Lime | Lin
48%
E Ebène | Écarlate | Écru | Émeraude
47%
I Incarnat | Indigo | Isabelle | Ivoire
47%
F Fauve | Fraise | Framboise | Fuchsia
44%
D Doré
42%
Z Zinzolin
7%
W Wengé
5%
Aucun quiz correspondant
Distribution des résultats
% des personnes avec chaque résultat
Percentile par nombre de réponses
Votre historique - résultats
Vous n’avez pas pris ce quiz